La moderna enfermedad de las masas /
El autor plantea el problema de la masificación a través de los medios de comunicación de masas: es decir, cultura de y para las masas. Montoya centra su análisis, principalmente, en la influencia de dichos medios en la opinión pública costarricense. RLS/mb
Guardado en:
| Autor principal: | |
|---|---|
| Formato: | Texto |
| Materias: | |
| Etiquetas: |
Agregar Etiqueta
Sin Etiquetas, Sea el primero en etiquetar este registro!
|
MARC
| LEADER | 00000 a a2200000 04500 | ||
|---|---|---|---|
| 001 | 1620 | ||
| 003 | |||
| 040 | |||
| 100 | |a Montoya, Luis A. | ||
| 245 | |a La moderna enfermedad de las masas / |c Luis A. Montoya | ||
| 520 | |a El autor plantea el problema de la masificación a través de los medios de comunicación de masas: es decir, cultura de y para las masas. Montoya centra su análisis, principalmente, en la influencia de dichos medios en la opinión pública costarricense. RLS/mb | ||
| 650 | |a COMUNICACION DE MASAS | ||
| 650 | |a MEDIOS DE COMUNICACION DE MASAS | ||
| 650 | |a OPINION PUBLICA | ||
| 650 | |a POLITICA DE COMUNICACION | ||
| 773 | |g número 28; páginas 20-22 | ||
| 999 | |c 32380 |d 32380 | ||
